000 00385nam a22001337a 4500
008 230314b |||||||| |||| 00| 0 eng d
020 _a978-0534-2376-6-0
082 _a300.723
100 _aDavid Matsumoto
245 _aCultural Influences on Research Methods and Statistics
260 _aCalifornia:
_bBrooks/Cole Publishing Company,
_c1994
300 _a66 p.
_c21.5 cm
942 _2ddc
999 _c9415
_d9416